000 01026camaa2200325Mu 4500
001 93321
005 20230411090051.0
008 031007s2003 sp 000 0 spa d
035 _a(OCoLC)ocn433191537
040 _aBNM
_erdc
_bspa
_cBNM
_dESUDE
016 7 _abimoBNE20030814711
_2SpMaBN
017 _aM 32501-2003
019 _a630313734
020 _a8480045892
020 _a9788480045896
035 _a(OCoLC)433191537
_z(OCoLC)630313734
080 _a911
049 _aGRAL
245 1 0 _aIntroducción a la geografía
_h[Texto impreso]
_cAntonio Fernández Fernández ... [et al.].
260 _aMadrid
_bEditorial Centro de Estudios Ramón Areces
_c[2003]
300 _a422 p.
_bil. col. y n., gráf., mapas, planos
_c24 cm.
504 _aIncluye referencias bibliográficas e índice.
650 7 _aGeografía.
_2embne
650 0 4 _aGeografía física.
650 0 4 _aGeografía humana.
700 1 _aFernández Fernández, Antonio
_d1965-
942 _2lcc
_cbk
994 _aC0
_bDRFGD
946 _aYM
999 _c111912
_d111912